| 000 | nam a22 a 4500 | ||
|---|---|---|---|
| 999 |
_c3976 _d3976 |
||
| 003 | AKMAL | ||
| 005 | 20170524142551.0 | ||
| 008 | 080815s2008 my 000 0 may | ||
| 020 | _a9789832600329 [jil. 1] | ||
| 020 | _a9789832600336 [jil. 2] | ||
| 020 | _a9789832600343 [jil. 3] | ||
| 039 | 9 |
_a200808181027 _bzalina |
|
| 040 | _aBNM | ||
| 082 | 0 | 4 |
_a782.421630899923 _222 |
| 100 | 0 |
_aIbrahim Bachek, _cDatuk _97801 |
|
| 245 | 1 | 0 | _aKoleksi lagu-lagu pilihan Datuk Ibrahim Bachek / [penulis Datuk Ibrahim Bachek] |
| 260 |
_aMelaka : _bInstitut Kajian Sejarah dan Patriotisme Malaysia, _c2008 |
||
| 263 | _a200809 | ||
| 300 |
_ams. ; _ccm. |
||
| 650 | 1 | 0 |
_aSongs, Malay _zMalaysia _xTexts _97802 |
| 650 | 2 | 0 |
_aSongs _xTexts _97803 |
| 650 | 2 | 0 |
_aMusical _xLibrettos _97804 |
| 942 |
_2ddc _cBOOK |
||